[Event "2nd 4NCL Spring Bank Holiday Congress"]
[Site "Basingstoke"]
[Date "2019.05.26"]
[Round "4.14"]
[White "Hammond, Benjamin"]
[Black "Neatherway, A Philip"]
[Result "1/2-1/2"]
[WhiteElo "1575"]
[BlackElo "1813"]
[PlyCount "64"]
[EventDate "2019.05.24"]

1. e4 e6 2. d4 d5 3. exd5 exd5 4. Nf3 Bg4 5. Bd3 Nf6 6. O-O Be7 7. Re1 O-O 8.
c3 Nbd7 9. Bg5 Re8 10. Nbd2 h6 11. Bf4 c5 12. Qc2 Qb6 13. h3 Bxf3 14. Nxf3 Bd6
15. Bxd6 Qxd6 16. dxc5 Nxc5 17. Rad1 Qf4 18. Re2 Rxe2 19. Bxe2 Re8 20. Nd4 Nce4
21. Bf3 g5 22. Bxe4 dxe4 23. Re1 h5 24. Qc1 a6 25. g3 Qxc1 26. Rxc1 Kh7 27. Re1
Kg6 28. Kg2 Nd5 29. Nc2 f5 30. Ne3 Nf6 31. Rd1 f4 32. Nd5 Nxd5 1/2-1/2

[Event "2nd 4NCL Spring Bank Holiday Congress"]
[Site "Basingstoke"]
[Date "2019.05.26"]
[Round "4.15"]
[White "Zheng, Harry Z"]
[Black "Stephenson, David W"]
[Result "0-1"]
[WhiteElo "1556"]
[BlackElo "1805"]
[PlyCount "106"]
[EventDate "2019.05.24"]

1. e4 e5 2. Nf3 Nc6 3. Bc4 Nf6 4. d3 Be7 5. O-O O-O 6. Nc3 d6 7. h3 Na5 8. Bb3
Nxb3 9. axb3 Re8 10. Re1 h6 11. Be3 a6 12. Qd2 Bf8 13. d4 exd4 14. Bxd4 Be6 15.
b4 d5 16. Bxf6 Qxf6 17. exd5 Bxh3 18. Qd4 Qg6 19. Nh4 Qg5 20. g3 Rad8 21. Kh2
Be6 22. Re5 Qg4 23. Qxg4 Bxg4 24. Rxe8 Rxe8 25. b5 axb5 26. Nxb5 g5 27. Ng2 Re2
28. Nxc7 Rxc2 29. Ne8 Rxf2 30. Kg1 Bc5 31. Ra5 Bb6 32. Ra8 Rxb2+ 33. Kf1 Bh3
34. Nf6+ Kg7 35. Nh5+ Kg6 36. g4 Bxg4 37. Ng3 Rf2+ 38. Ke1 Rxg2 39. Nf1 Re2+
40. Kd1 Ra2+ 41. Kc1 Rxa8 42. Kb1 Bf5+ 43. Kb2 Rd8 44. Ng3 Rxd5 45. Nxf5 Kxf5
46. Ka2 g4 47. Ka3 g3 48. Ka2 g2 49. Ka3 g1=Q 50. Ka4 Qg4+ 51. Kb3 Rd3+ 52. Kc2
Qe2+ 53. Kc1 Rd1# 0-1

[Event "2nd 4NCL Spring Bank Holiday Congress"]
[Site "Basingstoke"]
[Date "2019.05.26"]
[Round "4.16"]
[White "Pal, Rohan"]
[Black "Usharovsky, Ron"]
[Result "0-1"]
[WhiteElo "1430"]
[BlackElo "1671"]
[PlyCount "76"]
[EventDate "2019.05.24"]

1. e4 c6 2. d4 d5 3. exd5 cxd5 4. Bd3 Nc6 5. c3 Nf6 6. Nf3 Bg4 7. O-O e6 8. Qe2
Bd6 9. Bg5 Qc7 10. h3 Bh5 11. Nbd2 h6 12. Be3 g5 13. c4 g4 14. hxg4 Bxg4 15.
cxd5 Nxd5 16. Bc4 Nf4 17. Bxf4 Bxf4 18. Qe4 Rg8 19. Qh7 O-O-O 20. Qd3 Bxd2 21.
Nxd2 Nxd4 22. Qe3 Nc2 23. Qxa7 Bh3 24. Qa8+ Kd7 25. Qa4+ Ke7 26. Rfc1 Rxg2+ 27.
Kf1 Rg1+ 28. Kxg1 Rg8+ 29. Kh1 Bg2+ 30. Kg1 Bc6+ 31. Kf1 Bxa4 32. b3 Nxa1 33.
bxa4 Qh2 34. Ke2 Rg2 35. Ne4 f5 36. Rxa1 fxe4 37. Rf1 Rg1 38. Rxg1 Qxg1 0-1

[Event "2nd 4NCL Spring Bank Holiday Congress"]
[Site "Basingstoke"]
[Date "2019.05.26"]
[Round "4.17"]
[White "Aubury, Ben"]
[Black "Wilson, Matthew R"]
[Result "0-1"]
[WhiteElo "1659"]
[BlackElo "1843"]
[PlyCount "76"]
[EventDate "2019.05.24"]

1. d4 Nf6 2. c4 e6 3. g3 d5 4. Nf3 Bb4+ 5. Nc3 O-O 6. Bg2 c6 7. O-O Bxc3 8.
bxc3 dxc4 9. Ne5 Nd5 10. Ba3 Re8 11. e4 Nxc3 12. Qf3 f6 13. Qxc3 fxe5 14. dxe5
b5 15. Rfd1 Qb6 16. h4 Nd7 17. Bd6 Nc5 18. Qf3 a5 19. Qe3 Na4 20. Qg5 Nb2 21.
Rf1 Nd3 22. h5 Ra7 23. Rad1 Rf7 24. Rd2 b4 25. Bh3 a4 26. h6 g6 27. Bg4 b3 28.
Bh5 Kh8 29. Bd1 Qd4 30. Be2 b2 31. Bxd3 cxd3 32. Rb1 Qxe4 33. Rbxb2 Ba6 34. Rb4
Bc4 35. Rdb2 Qe1+ 36. Kg2 Bd5+ 37. Kh3 Qh1+ 38. Kg4 Bf3# 0-1

[Event "2nd 4NCL Spring Bank Holiday Congress"]
[Site "Basingstoke"]
[Date "2019.05.26"]
[Round "4.18"]
[White "Mcdonnell, James J"]
[Black "Sandhu, Manvith"]
[Result "1-0"]
[WhiteElo "1815"]
[BlackElo "1567"]
[PlyCount "63"]
[EventDate "2019.05.24"]

1. e4 Nc6 2. Nf3 d6 3. d4 Nf6 4. Nc3 g6 5. h3 Bg7 6. Be3 O-O 7. Qd2 e5 8. d5
Ne7 9. O-O-O a6 10. Nh2 b5 11. f3 Bd7 12. Ng4 b4 13. Ne2 a5 14. Bh6 Nc8 15.
Nxf6+ Qxf6 16. Bg5 Bh6 17. Bxf6 Bxd2+ 18. Rxd2 Nb6 19. Ng3 h6 20. Be2 Kh7 21.
Rdd1 Be8 22. Nf1 g5 23. f4 exf4 24. h4 Kg6 25. hxg5 hxg5 26. Bd4 f6 27. Bxb6
cxb6 28. Bg4 Kg7 29. Nd2 b5 30. Nf3 a4 31. Nd4 Rf7 32. Nf5+ 1-0

[Event "2nd 4NCL Spring Bank Holiday Congress"]
[Site "Basingstoke"]
[Date "2019.05.26"]
[Round "4.19"]
[White "Verma, Shlok"]
[Black "Shenbagakumar, Gautham"]
[Result "1/2-1/2"]
[WhiteElo "1702"]
[BlackElo "1539"]
[PlyCount "123"]
[EventDate "2019.05.24"]

1. d4 d5 2. c4 dxc4 3. Nc3 a6 4. a4 Nf6 5. Nf3 Bf5 6. Bg5 Nbd7 7. e3 Bg6 8.
Bxc4 e6 9. O-O Be7 10. Bh4 O-O 11. Re1 Nb6 12. Bd3 Nbd5 13. Ne5 Rc8 14. Bxg6
hxg6 15. Rc1 Nd7 16. Bxe7 Qxe7 17. Nxd7 Qxd7 18. Qb3 c6 19. Rcd1 b5 20. axb5
cxb5 21. Ne4 Rc4 22. Nc5 Qc6 23. Rc1 Rb4 24. Qa3 Rc4 25. Rxc4 bxc4 26. h3 Rb8
27. e4 Nb4 28. Qc3 Qb5 29. Rc1 Na2 30. Qxc4 Nxc1 31. Qxc1 Qxb2 32. Qxb2 Rxb2
33. Nxa6 Rd2 34. f3 Rxd4 35. Nc5 Kf8 36. Kf2 Rd2+ 37. Kg3 Ke7 38. Nb3 Rd1 39.
Kf2 Kd6 40. Ke2 Rb1 41. Nd2 Rb2 42. Ke3 Kc5 43. g3 Kb4 44. e5 Ra2 45. Ne4 Ra3+
46. Kf4 Rb3 47. Ng5 f6 48. exf6 gxf6 49. Nxe6 g5+ 50. Kg4 Kc4 51. h4 Kd5 52.
Ng7 Rb4+ 53. f4 gxh4 54. gxh4 Kd6 55. Nf5+ Ke6 56. h5 Kf7 57. Nh4 Kg7 58. Nf3
Kh6 59. Nh4 Rxf4+ 60. Kxf4 Kxh5 61. Kf5 Kxh4 62. Kxf6 1/2-1/2

[Event "2nd 4NCL Spring Bank Holiday Congress"]
[Site "Basingstoke"]
[Date "2019.05.26"]
[Round "4.20"]
[White "Turner, Sam"]
[Black "Redmond, Michael F"]
[Result "0-1"]
[WhiteElo "1652"]
[BlackElo "1686"]
[PlyCount "94"]
[EventDate "2019.05.24"]

1. d4 Nf6 2. c4 e6 3. g3 Bb4+ 4. Bd2 Qe7 5. a3 Bxd2+ 6. Nxd2 d5 7. Bg2 O-O 8.
Qc2 c6 9. Ngf3 Nbd7 10. O-O e5 11. e4 dxe4 12. Nxe4 Nxe4 13. Qxe4 f5 14. Qe2 e4
15. Nd2 Nf6 16. f3 Qd6 17. Qe3 exf3 18. Nxf3 Ng4 19. Qf4 Qxf4 20. gxf4 Ne3 21.
Rfc1 Be6 22. b3 Rad8 23. Rc3 Ng4 24. Rd3 b5 25. cxb5 cxb5 26. h3 Nf6 27. Ne5
Bd5 28. Rc1 Bxg2 29. Kxg2 Nd5 30. Kf3 Rc8 31. Rc5 Rfd8 32. Rxb5 Rc1 33. Rb7
Rf1+ 34. Kg2 Ra1 35. Rxa7 Nxf4+ 36. Kg3 Nxd3 37. Nxd3 Rxd4 38. Ne5 g6 39. Ra8+
Kg7 40. Ra7+ Kf6 41. Nd7+ Kg5 42. Ne5 f4+ 43. Kf3 Rc1 44. Nf7+ Kh4 45. Nh6 Rc3+
46. Ke2 f3+ 47. Ke1 Kg3 0-1

[Event "2nd 4NCL Spring Bank Holiday Congress"]
[Site "Basingstoke"]
[Date "2019.05.26"]
[Round "4.21"]
[White "Kolani, Arjun"]
[Black "Mendis, Vidura"]
[Result "1-0"]
[WhiteElo "1671"]
[BlackElo "1497"]
[PlyCount "61"]
[EventDate "2019.05.24"]

1. e4 e6 2. d4 d5 3. Nc3 dxe4 4. Nxe4 Nf6 5. Nxf6+ gxf6 6. Nf3 c5 7. Be3 cxd4
8. Qxd4 Bd7 9. O-O-O Nc6 10. Qd2 Qc7 11. Qc3 Be7 12. Nd4 O-O-O 13. Nb5 Qa5 14.
Nxa7+ Kc7 15. Nb5+ Kb8 16. Qxa5 Nxa5 17. Bb6 Bxb5 18. Bxd8 Bxf1 19. Bxe7 Bxg2
20. Bxf6 Bxh1 21. Bxh8 Bd5 22. b3 Nc6 23. c4 Be4 24. Bc3 Kc8 25. b4 Bf5 26. b5
Nb8 27. Ba5 Nd7 28. Kd2 Nf8 29. Kc3 Nd7 30. c5 Kb8 31. Rxd7 1-0

[Event "2nd 4NCL Spring Bank Holiday Congress"]
[Site "Basingstoke"]
[Date "2019.05.26"]
[Round "4.22"]
[White "Hirst, Joe"]
[Black "Murphy, Ross"]
[Result "1-0"]
[WhiteElo "1564"]
[BlackElo "1669"]
[PlyCount "47"]
[EventDate "2019.05.24"]

1. e4 Nf6 2. e5 Nd5 3. c4 Nb6 4. d4 d6 5. f4 dxe5 6. fxe5 Nc6 7. Be3 Bf5 8. Nc3
e6 9. Nf3 Be7 10. Be2 Bg4 11. O-O O-O 12. Qd2 Qd7 13. Rad1 Rad8 14. Qc1 f6 15.
exf6 Bxf6 16. Ne5 Bxe5 17. Rxf8+ Kxf8 18. dxe5 Qc8 19. Bxg4 Rxd1+ 20. Qxd1 Nxc4
21. Qf1+ Ke7 22. Qxc4 Nxe5 23. Qc5+ Kf7 24. Qxe5 1-0

[Event "2nd 4NCL Spring Bank Holiday Congress"]
[Site "Basingstoke"]
[Date "2019.05.26"]
[Round "4.23"]
[White "Carter, Rebecca"]
[Black "Hymer, Barry J"]
[Result "0-1"]
[WhiteElo "1598"]
[BlackElo "1884"]
[PlyCount "74"]
[EventDate "2019.05.24"]

1. c4 e5 2. Nc3 d6 3. Nf3 f5 4. g3 Nf6 5. Bg2 c6 6. O-O Be7 7. d3 O-O 8. b4 Qe8
9. b5 Bd8 10. a4 Kh8 11. Ba3 c5 12. Nd2 Qg6 13. Bc1 Nbd7 14. a5 Rb8 15. a6 b6
16. Ndb1 Rf7 17. Qd2 h6 18. Qd1 Nf8 19. Nd5 Ne6 20. Nbc3 h5 21. h4 f4 22. Kh2
Nd4 23. Nxf6 gxf6 24. e3 fxg3+ 25. Kh1 Nf5 26. Be4 gxf2 27. Rxf2 Ng3+ 28. Kh2
Nxe4 29. Nxe4 Bg4 30. Qg1 f5 31. Ng5 Bxg5 32. hxg5 Qxg5 33. Qg3 Rbf8 34. e4 f4
35. Qg2 Qh4+ 36. Kg1 Rg8 37. Qh2 Be2+ 0-1

[Event "2nd 4NCL Spring Bank Holiday Congress"]
[Site "Basingstoke"]
[Date "2019.05.26"]
[Round "4.24"]
[White "Cordova Lopez, Diego Anton"]
[Black "Davis, Timothy J"]
[Result "0-1"]
[WhiteElo "1478"]
[BlackElo "1822"]
[PlyCount "56"]
[EventDate "2019.05.24"]

1. e4 c6 2. d4 d5 3. Nc3 dxe4 4. Nxe4 Nf6 5. Nxf6+ gxf6 6. Bc4 Bf5 7. Nf3 Qc7
8. O-O Nd7 9. c3 e6 10. Re1 O-O-O 11. a4 Bd6 12. g3 h5 13. Nh4 Bg4 14. Be2 f5
15. Ng2 Bxe2 16. Qxe2 Rdg8 17. Kh1 c5 18. Bf4 Bxf4 19. Nxf4 h4 20. Qf3 hxg3 21.
fxg3 Nf6 22. a5 Ne4 23. Rg1 Qc6 24. Rg2 Nxg3+ 25. Rxg3 Rxg3 26. Qxc6+ bxc6 27.
dxc5 Rf3 28. Ra4 Rh4 0-1

[Event "2nd 4NCL Spring Bank Holiday Congress"]
[Site "Basingstoke"]
[Date "2019.05.25"]
[Round "3.1"]
[White "Botlik, Bela"]
[Black "Pink, Joshua"]
[Result "1-0"]
[WhiteElo "2029"]
[BlackElo "1928"]
[PlyCount "103"]
[EventDate "2019.05.24"]

1. d4 f5 2. Nc3 d6 3. Bg5 h6 4. Bf4 Nf6 5. e4 fxe4 6. Nxe4 Bf5 7. Nxf6+ exf6 8.
Bd3 Qe7+ 9. Kf1 Bxd3+ 10. Qxd3 Kd8 11. Nf3 g5 12. Bd2 Nc6 13. Qf5 Qh7 14. Qb5
Qxc2 15. Rc1 Nxd4 16. Nxd4 Qxd2 17. Ne6+ Ke7 18. Re1 Qxe1+ 19. Kxe1 Kxe6 20.
Kd1 Kf7 21. Qd5+ Kg6 22. h4 Re8 23. h5+ Kg7 24. Qf5 Be7 25. Re1 Kf8 26. Qd7 Rh7
27. Qxc7 Rf7 28. Qxb7 d5 29. Kc2 Kg7 30. Qxd5 Rc8+ 31. Kb1 Rc5 32. Qd3 Kf8 33.
Qg6 Rg7 34. Qe4 Rf7 35. Qb7 Bd6 36. Qa8+ Kg7 37. Re8 Rf8 38. Rxf8 Bxf8 39.
Qxa7+ Kg8 40. g4 Re5 41. a4 Bc5 42. Qa8+ Kg7 43. f3 Kf7 44. a5 Bg1 45. Qb7+ Re7
46. Qd5+ Ke8 47. a6 Rd7 48. Qe6+ Kd8 49. Qxf6+ Kc7 50. Qxh6 Be3 51. Qe6 Bf4 52.
Qxd7+ 1-0

[Event "2nd 4NCL Spring Bank Holiday Congress"]
[Site "Basingstoke"]
[Date "2019.05.25"]
[Round "3.2"]
[White "Brixel, Christof"]
[Black "Ireland, David J"]
[Result "1/2-1/2"]
[WhiteElo "1781"]
[BlackElo "1948"]
[PlyCount "111"]
[EventDate "2019.05.24"]

1. d4 Nf6 2. Nc3 d5 3. Bf4 Bf5 4. f3 c5 5. e3 Nc6 6. g4 cxd4 7. exd4 Bg6 8. h4
h5 9. g5 Nd7 10. Bd3 Bxd3 11. Qxd3 e6 12. g6 f6 13. O-O-O Nb6 14. Nb5 Rc8 15.
Re1 Qd7 16. Qf5 e5 17. Qxd7+ Nxd7 18. dxe5 fxe5 19. Bxe5 Ndxe5 20. f4 a6 21.
Nc3 Bb4 22. Nf3 O-O 23. Nxe5 d4 24. Nxc6 bxc6 25. a3 Ba5 26. b4 Bc7 27. Ne2
Bxf4+ 28. Nxf4 Rxf4 29. Re5 Rg4 30. Rg5 Rxg5 31. hxg5 c5 32. Rxh5 cxb4 33. axb4
Rc6 34. Rh4 Rxg6 35. Rg4 Kf7 36. Kd2 Ke6 37. Kd3 Ke5 38. Re4+ Kf5 39. Rxd4 Kxg5
40. c4 Rc6 41. c5 Kf5 42. Kc4 g5 43. Rd5+ Kf6 44. Rd8 g4 45. Kd5 Rc7 46. Rf8+
Kg5 47. Rg8+ Kf4 48. Kd6 Rb7 49. c6 Rxb4 50. c7 Rc4 51. c8=Q Rxc8 52. Rxc8 g3
53. Rg8 Kf3 54. Ke5 g2 55. Rf8+ Ke2 56. Rg8 1/2-1/2

[Event "2nd 4NCL Spring Bank Holiday Congress"]
[Site "Basingstoke"]
[Date "2019.05.25"]
[Round "3.3"]
[White "Fegan, Chris"]
[Black "Stephenson, David W"]
[Result "1-0"]
[WhiteElo "2038"]
[BlackElo "1805"]
[PlyCount "95"]
[EventDate "2019.05.24"]

1. d4 d5 2. c4 e6 3. Nc3 c5 4. Nf3 Nf6 5. g3 Nc6 6. cxd5 exd5 7. Bg2 cxd4 8.
Nxd4 Bc5 9. Nxc6 bxc6 10. O-O O-O 11. Qc2 Bd6 12. Rd1 Bg4 13. Bg5 h6 14. Bxf6
Qxf6 15. Qa4 Bd7 16. Nxd5 Qxb2 17. Rab1 Qe5 18. Ne3 Be6 19. Bxc6 Rac8 20. Bd7
Bxd7 21. Qxd7 Bc5 22. Qf5 Qe8 23. Rb3 Qa4 24. Qb1 Rfe8 25. Rdd3 Bb6 26. Qb2 Rc6
27. Nf5 Rf6 28. Rb4 Qc6 29. Rf3 Re4 30. Rbb3 Qe6 31. Ne3 Rxf3 32. exf3 Re5 33.
Qd2 Qc6 34. Kg2 Re6 35. Nd5 Re8 36. Nxb6 axb6 37. Qd4 b5 38. Qb2 Qc4 39. Rxb5
Re1 40. Rb8+ Kh7 41. Qb5 Qc2 42. Qb3 Qc1 43. Qd3+ g6 44. Rf8 Rg1+ 45. Kh3 Qc7
46. Qd4 g5 47. Qf6 Qd7+ 48. g4 1-0

[Event "2nd 4NCL Spring Bank Holiday Congress"]
[Site "Basingstoke"]
[Date "2019.05.25"]
[Round "3.4"]
[White "Merriman, James"]
[Black "Krueger, Norbert"]
[Result "1-0"]
[WhiteElo "1839"]
[BlackElo "1983"]
[PlyCount "147"]
[EventDate "2019.05.24"]

1. d4 d5 2. c4 e6 3. Nc3 Nf6 4. cxd5 exd5 5. Bg5 c6 6. e3 h6 7. Bh4 Be7 8. Bd3
O-O 9. Nge2 Re8 10. O-O Ne4 11. Bxe7 Qxe7 12. Nf4 Nd7 13. Nxe4 dxe4 14. Bc4 g5
15. Ne2 Nb6 16. Bb3 Be6 17. Bc2 Bc4 18. Re1 Bxe2 19. Qxe2 Nd5 20. f3 f5 21.
fxe4 fxe4 22. Bb3 Qd7 23. h4 g4 24. Rf1 Rf8 25. Rf4 Rxf4 26. exf4 Re8 27. Rf1
Qf5 28. Bxd5+ cxd5 29. Qb5 Qf7 30. f5 e3 31. Qe2 Re4 32. f6 h5 33. Rf5 Kh7 34.
Re5 Rxe5 35. dxe5 d4 36. Qd3+ Qg6 37. Qxd4 Qb1+ 38. Kh2 Qe1 39. Qd7+ Kg6 40.
Qe8+ Kh6 41. Qh8+ Kg6 42. Qg7+ Kf5 43. Qg5+ Ke6 44. Qxh5 g3+ 45. Kh3 e2 46.
Qe8+ Kd5 47. f7 Qh1+ 48. Kg4 e1=Q 49. f8=Q Qe4+ 50. Qf4 Qxf4+ 51. Kxf4 Qxh4+
52. Kf3 Qe4+ 53. Kxg3 Qe3+ 54. Kh4 Qf2+ 55. g3 Qh2+ 56. Kg4 Qxb2 57. Qf7+ Kc6
58. Qe6+ Kc7 59. Qd6+ Kc8 60. e6 Qg7+ 61. Kf4 Qh6+ 62. Ke4 Qg6+ 63. Kd4 Qf6+
64. Kc4 Qf1+ 65. Qd3 b5+ 66. Kd4 Qf2+ 67. Ke5 Qe1+ 68. Kf6 Qf2+ 69. Qf5 Qd4+
70. Kg6 Qd6 71. Kf7 Kd8 72. Qf6+ Kc7 73. Qe7+ Qxe7+ 74. Kxe7 1-0

[Event "2nd 4NCL Spring Bank Holiday Congress"]
[Site "Basingstoke"]
[Date "2019.05.25"]
[Round "3.5"]
[White "Pafura, P Godfrey"]
[Black "Xu, Edison"]
[Result "1/2-1/2"]
[WhiteElo "1968"]
[BlackElo "1764"]
[PlyCount "116"]
[EventDate "2019.05.24"]

1. e4 c5 2. Nf3 e6 3. Nc3 Nc6 4. d3 d5 5. exd5 exd5 6. Bf4 Nf6 7. Qd2 a6 8.
O-O-O Be7 9. h3 O-O 10. g4 b5 11. Bg2 Bb7 12. Ne5 Nxe5 13. Bxe5 Bd6 14. f4 b4
15. Ne2 Bxe5 16. fxe5 Nd7 17. d4 Qa5 18. Kb1 c4 19. a3 Qb6 20. Qxb4 Qc7 21.
Rhf1 Rab8 22. Nf4 Bc6 23. Qc3 Nb6 24. Qa5 Qb7 25. Ka1 c3 26. b3 Nc4 27. Qxc3
Nxa3 28. Qc5 Nb5 29. Nxd5 Kh8 30. e6 f6 31. Rf5 Rfc8 32. Rd2 Bxd5 33. Rxd5 Rxc5
34. dxc5 Qc7 35. b4 Re8 36. Kb2 Qg3 37. R2d3 Qxg2 38. Rd8 Qc6 39. c4 Qxe6 40.
Rxe8+ Qxe8 41. cxb5 axb5 42. c6 Kg8 43. c7 Qe2+ 44. Kc1 Qxd3 45. c8=Q+ Kf7 46.
Qc7+ Kg6 47. Qc5 Qf1+ 48. Kd2 Qxh3 49. Qf5+ Kf7 50. Qd7+ Kg6 51. Qxb5 Qxg4 52.
Qe8+ Kg5 53. b5 Qb4+ 54. Ke2 Qc4+ 55. Kf2 Qf4+ 56. Ke2 Qc4+ 57. Kd2 Qd4+ 58.
Ke2 Qc4+ 1/2-1/2

[Event "2nd 4NCL Spring Bank Holiday Congress"]
[Site "Basingstoke"]
[Date "2019.05.25"]
[Round "3.6"]
[White "Gardiner, Eric D"]
[Black "Buanne, Luca"]
[Result "1-0"]
[WhiteElo "1959"]
[BlackElo "1536"]
[PlyCount "89"]
[EventDate "2019.05.24"]

1. d4 e6 2. e4 d5 3. e5 c5 4. c3 Qb6 5. Nf3 Nc6 6. a3 Nh6 7. b4 cxd4 8. cxd4
Nf5 9. Bb2 Be7 10. Bd3 Bd7 11. Bxf5 exf5 12. Nc3 Be6 13. Qd3 Rc8 14. O-O g5 15.
Na4 Qd8 16. Nc5 b6 17. Nxe6 fxe6 18. Bc3 O-O 19. b5 Nb8 20. a4 Qe8 21. Bb2 h5
22. Ba3 g4 23. Nd2 Rf7 24. Bxe7 Rxe7 25. Rfc1 Rec7 26. Rxc7 Rxc7 27. Qe3 Qg6
28. Nf1 Nd7 29. Rc1 Rxc1 30. Qxc1 Nf8 31. Ng3 h4 32. Ne2 Qg7 33. g3 hxg3 34.
hxg3 Qd7 35. Qg5+ Qg7 36. Qd8 Qd7 37. Qxd7 Nxd7 38. Nf4 Kf7 39. Nd3 Nb8 40. Nb4
Ke7 41. Kf1 Kd7 42. Ke2 Kc7 43. Ke3 Kb7 44. Kf4 a5 45. bxa6+ 1-0

[Event "2nd 4NCL Spring Bank Holiday Congress"]
[Site "Basingstoke"]
[Date "2019.05.25"]
[Round "3.8"]
[White "Ratnesan, Radha"]
[Black "Cast, Julian"]
[Result "1-0"]
[WhiteElo "1512"]
[BlackElo "1883"]
[PlyCount "33"]
[EventDate "2019.05.24"]

1. d4 e6 2. c4 f5 3. g3 Nf6 4. Bg2 Be7 5. Nf3 d6 6. Nc3 O-O 7. O-O a5 8. b3 Qe8
9. Bb2 Qh5 10. Qd2 Nc6 11. Nb5 Bd8 12. a3 e5 13. dxe5 dxe5 14. Bxe5 Nxe5 15.
Nxe5 Kh8 16. Rad1 Qe8 17. Qxd8 1-0

[Event "2nd 4NCL Spring Bank Holiday Congress"]
[Site "Basingstoke"]
[Date "2019.05.25"]
[Round "3.9"]
[White "Stock, Tobias W"]
[Black "Kolani, Arjun"]
[Result "1-0"]
[WhiteElo "1999"]
[BlackElo "1671"]
[PlyCount "55"]
[EventDate "2019.05.24"]

1. d4 Nf6 2. c4 g6 3. Nc3 d5 4. cxd5 Nxd5 5. Bd2 Bg7 6. e4 Nxc3 7. Bxc3 O-O 8.
Qd2 e6 9. Bc4 c5 10. Ne2 Nc6 11. Rd1 Qc7 12. d5 Ne5 13. Bb3 exd5 14. exd5 Qd6
15. O-O b6 16. Rfe1 Bb7 17. Ng3 Rfe8 18. Ne4 Qd7 19. f4 Nc6 20. dxc6 Qxc6 21.
Bxf7+ Kxf7 22. Nd6+ Kg8 23. Rxe8+ Rxe8 24. Nxe8 Bxc3 25. bxc3 Qxe8 26. Qd8 Bc6
27. Kf2 Kf7 28. Qc7+ 1-0

[Event "2nd 4NCL Spring Bank Holiday Congress"]
[Site "Basingstoke"]
[Date "2019.05.25"]
[Round "3.10"]
[White "Nelson, Omowale A"]
[Black "Hammond, Benjamin"]
[Result "1/2-1/2"]
[WhiteElo "1989"]
[BlackElo "1575"]
[PlyCount "107"]
[EventDate "2019.05.24"]

1. d4 d5 2. c4 e6 3. g3 Nf6 4. Nf3 dxc4 5. Qa4+ Bd7 6. Qxc4 Bc6 7. Bg2 Nbd7 8.
O-O Be7 9. Rd1 O-O 10. Nc3 Re8 11. Bf4 Nh5 12. d5 exd5 13. Nxd5 Nxf4 14. Nxf4
Bd6 15. Rd2 Bxf3 16. exf3 Qg5 17. Rd4 Nb6 18. Qc2 Rac8 19. Nh3 Qf6 20. Rd2 h6
21. f4 c6 22. Kh1 Rcd8 23. a3 Bc7 24. Rad1 Rxd2 25. Rxd2 Rd8 26. Rxd8+ Qxd8 27.
Ng1 Qe7 28. Nf3 Nd5 29. Bf1 Bb6 30. Kg2 Qc5 31. Qxc5 Bxc5 32. Bd3 f6 33. Nh4
Kf7 34. Nf5 Ne7 35. Bc4+ Kg6 36. Ne3 Bd4 37. b3 f5 38. Bd3 Kf6 39. Kf3 b5 40.
h3 h5 41. g4 hxg4+ 42. hxg4 g6 43. Ke2 a6 44. a4 Bb6 45. Kf3 Bd4 46. Kg3 Bb6
47. Be2 Bd4 48. Nc2 Bc5 49. Ne3 Bd6 50. Kf3 Bc7 51. Nc2 Nd5 52. Nd4 Nxf4 53.
gxf5 Nxe2 54. Kxe2 1/2-1/2

[Event "2nd 4NCL Spring Bank Holiday Congress"]
[Site "Basingstoke"]
[Date "2019.05.25"]
[Round "3.11"]
[White "Shepley, Julien M"]
[Black "Hirst, Joe"]
[Result "1-0"]
[WhiteElo "1947"]
[BlackElo "1564"]
[PlyCount "55"]
[EventDate "2019.05.24"]

1. d4 Nf6 2. Nc3 g6 3. e4 d6 4. Bf4 Bg7 5. Qd2 O-O 6. O-O-O Nbd7 7. Nf3 c6 8.
Bh6 Qe8 9. e5 Bxh6 10. Qxh6 dxe5 11. Ng5 e4 12. Ncxe4 Kh8 13. Bc4 e6 14. Rd3
Qe7 15. Rf3 Rg8 16. Rxf6 Rg7 17. Rf3 f5 18. Nc3 Nf6 19. Re1 Ng8 20. Qh4 h6 21.
Rh3 Rh7 22. Nxh7 Qxh4 23. Rxh4 Kxh7 24. Bxe6 g5 25. Bxg8+ Kxg8 26. Rxh6 g4 27.
Re8+ Kg7 28. Rhh8 1-0

[Event "2nd 4NCL Spring Bank Holiday Congress"]
[Site "Basingstoke"]
[Date "2019.05.25"]
[Round "3.13"]
[White "Shenbagakumar, Gautham"]
[Black "Duda, Lucas"]
[Result "0-1"]
[WhiteElo "1539"]
[BlackElo "1823"]
[PlyCount "78"]
[EventDate "2019.05.24"]

1. e4 e5 2. Nf3 Nc6 3. Bc4 Bc5 4. c3 Nf6 5. d4 exd4 6. e5 d5 7. Bb5 Ne4 8. cxd4
Bb6 9. Nc3 O-O 10. O-O Bg4 11. Bxc6 bxc6 12. Be3 f6 13. Nxe4 dxe4 14. Qb3+ Kh8
15. Nd2 f5 16. Nc4 Bxd4 17. Bxd4 Qxd4 18. h3 Be2 19. Rfc1 Bd3 20. Qc3 c5 21.
Ne3 f4 22. Qxd4 cxd4 23. Nd5 Rae8 24. Rxc7 e3 25. f3 h6 26. Rac1 Rxe5 27. Nb4
Bf5 28. Nc6 Rd5 29. Ne7 Rd6 30. R7c5 d3 31. Nxf5 Rxf5 32. Rxf5 d2 33. Rfc5 e2
34. Rc8+ Kh7 35. Kh2 e1=Q 36. Rxe1 dxe1=Q 37. Rh8+ Kxh8 38. b4 Qg3+ 39. Kg1
Rd1# 0-1

[Event "2nd 4NCL Spring Bank Holiday Congress"]
[Site "Basingstoke"]
[Date "2019.05.25"]
[Round "3.14"]
[White "Neatherway, A Philip"]
[Black "Pal, Rohan"]
[Result "1/2-1/2"]
[WhiteElo "1813"]
[BlackElo "1430"]
[PlyCount "53"]
[EventDate "2019.05.24"]

1. e4 e5 2. Nf3 Nc6 3. Bb5 a6 4. Ba4 Nf6 5. d3 b5 6. Bb3 Bc5 7. c3 d6 8. Nbd2
O-O 9. Nf1 Bb6 10. Ne3 Ne7 11. a4 Bb7 12. O-O Qd7 13. Nh4 c5 14. Qe2 Rfe8 15.
Rd1 d5 16. Nef5 Qc6 17. Bg5 dxe4 18. dxe4 Nxf5 19. Bxf6 Nxh4 20. Bxh4 Qxe4 21.
Qxe4 Bxe4 22. a5 Ba7 23. Bd5 Bxd5 24. Rxd5 f6 25. Rad1 c4 26. Kf1 Bb8 27. Rd7
1/2-1/2

[Event "2nd 4NCL Spring Bank Holiday Congress"]
[Site "Basingstoke"]
[Date "2019.05.25"]
[Round "3.15"]
[White "Redmond, Michael F"]
[Black "Zheng, Jerry Z"]
[Result "0-1"]
[WhiteElo "1686"]
[BlackElo "1520"]
[PlyCount "92"]
[EventDate "2019.05.24"]

1. d4 Nf6 2. Bf4 e6 3. e3 b6 4. Nd2 Bb7 5. h3 Be7 6. Ngf3 O-O 7. Bd3 d6 8. c3
Nbd7 9. Qc2 c5 10. g4 cxd4 11. exd4 Kh8 12. Rg1 Rc8 13. g5 Nd5 14. Be4 Nxf4 15.
Bxb7 Rc7 16. Be4 g6 17. h4 d5 18. Bd3 Nxd3+ 19. Qxd3 Bd6 20. O-O-O Qb8 21. h5
Kg7 22. Rh1 Rcc8 23. Rh3 Rh8 24. Rdh1 Bf4 25. Kb1 Bd6 26. Nh2 Bxh2 27. R1xh2
Qf4 28. Nf3 Rce8 29. h6+ Kf8 30. Qb5 Ke7 31. Ne1 Qxg5 32. Qb4+ Kd8 33. Qa4 a5
34. Nd3 Kc7 35. f4 Qe7 36. b4 Ra8 37. b5 Kb7 38. Re2 Rac8 39. Nb2 Qd6 40. c4
Qxf4 41. Rhe3 Qf5+ 42. Ka1 dxc4 43. Nxc4 Qd5 44. Nd2 Qh1+ 45. Kb2 Qc1+ 46. Kb3
Qc2+ 0-1

[Event "2nd 4NCL Spring Bank Holiday Congress"]
[Site "Basingstoke"]
[Date "2019.05.25"]
[Round "3.16"]
[White "Wilson, Matthew R"]
[Black "Zheng, Harry Z"]
[Result "1/2-1/2"]
[WhiteElo "1843"]
[BlackElo "1556"]
[PlyCount "178"]
[EventDate "2019.05.24"]

1. Nf3 Nf6 2. b3 e6 3. Bb2 b6 4. c4 Bb7 5. e3 Be7 6. Be2 O-O 7. O-O d6 8. d4
Nbd7 9. h3 c5 10. Nbd2 Rc8 11. Rc1 h6 12. Bd3 cxd4 13. exd4 d5 14. Re1 Re8 15.
Ne5 Nxe5 16. dxe5 Nd7 17. Qe2 Nc5 18. Bc2 Bg5 19. Rcd1 Qc7 20. Qg4 Red8 21. f4
Be7 22. f5 Kh8 23. Rf1 dxc4 24. Nxc4 Rxd1 25. Rxd1 Na4 26. Ba1 Bd5 27. Nd6 Qc5+
28. Bd4 Qxc2 29. Nxf7+ Kg8 30. Nxh6+ Kh8 31. f6 Bf8 32. fxg7+ Bxg7 33. Nf7+ Kg8
34. Nd6 Nc3 35. Rf1 Rc7 36. Ne8 Ne2+ 37. Kh2 Nxd4 38. Nf6+ Kf8 39. Nxd5+ Rf7
40. Rxf7+ Kxf7 41. Qxd4 exd5 42. Qxd5+ Kg6 43. e6 Qc7+ 44. Kg1 Qc5+ 45. Qxc5
bxc5 46. Kf2 Kf6 47. Ke3 Kxe6 48. Kd3 Bd4 49. b4 Bf2 50. bxc5 Bxc5 51. Ke4 Kf6
52. Kf4 a5 53. Ke4 Ke6 54. Kf4 a4 55. Ke4 a3 56. g4 Be7 57. Kf4 Kf6 58. h4 Bd6+
59. Ke4 Bg3 60. h5 Kg5 61. h6 Kxh6 62. Kf5 Bh4 63. Kf4 Kg6 64. Ke4 Kg5 65. Kf3
Be1 66. Ke2 Bb4 67. Kf3 Bd6 68. Ke2 Kxg4 69. Kd1 Kf3 70. Kc2 Ke2 71. Kb1 Kd2
72. Ka1 Be5+ 73. Kb1 Kc3 74. Kc1 Bf4+ 75. Kb1 Kd2 76. Ka1 Kd1 77. Kb1 Bd2 78.
Ka1 Bc3+ 79. Kb1 Ke2 80. Kc2 Bb2 81. Kb1 Bg7 82. Kc2 Ke1 83. Kb1 Bh8 84. Kc2
Bb2 85. Kb1 Be5 86. Kc2 Bf6 87. Kb1 Bc3 88. Kc2 Bh8 89. Kb1 Kd1 1/2-1/2